000 00487nam a2200169 a 4500
001 000026699
005 20200930030348.0
008 110324nuuuuuuuudr 000 | spa d
020 _a9945000039
040 _aDO-SdBNP
_bspa
_cBNPHU
082 _axxx
_bC957p
100 1 _aCruz Ortiz, Demetrina
_953812
245 1 3 _aLa paloma mensajera :
_bvidente, clarividente /
_cDemetrina Cruz Ortiz.
260 _a[Santo Domingo] :
_b[s.n.],
_c[19--?].
300 _a48 p. ;
_c21 cm.
049 _aBNPD
999 _c26191
_d26191